| 000 | 00825cam a22002412 4500 | ||
|---|---|---|---|
| 001 | 0000000161 | ||
| 005 | 20151021151039.0 | ||
| 008 | 070111s xx 000 0 eng d | ||
| 020 |
_a8177587749, 8177587746 : _cKES 2,750 |
||
| 040 |
_aKABU _cKABU |
||
| 050 | 0 |
_aTK5105.59 _b.S73 2006 |
|
| 100 | 1 |
_aStallings, William. _@0000148223 |
|
| 245 | 1 | 0 |
_aCryptography and network security : _bprinciples and practice / _cWilliam Stallings. |
| 250 | _a4th ed. | ||
| 260 |
_aNew Delhi : _bPearson Educ., _c2006. |
||
| 300 | _axvi, 680 p. | ||
| 650 | 0 |
_aComputer networks _xSecurity measures. _@0000148224 |
|
| 650 | 0 |
_aCryptography. _@0000067596 |
|
| 908 | _a070111 | ||
| 950 | _@1 | ||
| 999 |
_c46 _d46 |
||